000 00402nam a22001577a 4500
999 _c9070
_d9070
003 OSt
008 200715b ||||| |||| 00| 0 eng d
020 _a978-9381714713
100 _aAsghar, Adil Singh,Brijendra
245 _aConcise Anatomy and Physiology
250 _a2016
260 _aNew Delhi
_bMed Tech
_c2016
300 _a381
650 _aHuman Anatomy and Physiology
942 _2ddc
_cBK
_014